Szczegóły MARC21

Kompendium chorób zakaźnych wieku dziecięcego /

003 -Nazwa inst., której nr kontr. jest w polu 001 [,]
    • @
    • Nazwa instytucji, której n kontrolny jest w polu 001
    • NUKAT
005 -DATA I CZAS OSTATNIEJ MODYFIKACJI [,]
    • @
    • pole kontrolne
    • 20241231095047.0
040 -Instytucja sporządzająca opis [ , ]
    • a
    • Instytucja, która sporządziła opis (NP)
    • LUBL 58/ER
    • c
    • Instytucja, która sporządziła rekord (NP)
    • LUBL 58/ER
    • d
    • Instytucja, która zmodyfikowała rekord (P)
    • LUBL 58/ER
    • d
    • Instytucja, która zmodyfikowała rekord (P)
    • WA U/ZZs
    • d
    • Instytucja, która zmodyfikowała rekord (P)
    • BYDG 020/AMs
942 -Rodzaj dokumentu [ , ]
    • c
    • Rodzaj dokumentu
    • Książka
100 -Hasło główne - nazwa osobowa [1, ]
    • a
    • Nazwa osobowa (NP)
    • Bogdanowicz, Jan
    • d
    • Daty biograficzne (NP)
    • (1894-1967).
    • 9
    • KHW
    • 406730
245 -Strefa tytułu i oznaczenia odpowiedzialności [1,0]
    • a
    • Tytuł
    • Kompendium chorób zakaźnych wieku dziecięcego / Find
    • c
    • Pozostałe elementy strefy tytułu i oznaczenia odpowiedzialności (NP)
    • Jan Bogdanowicz.
260 -Strefa adresu wydawniczego [ , ]
    • a
    • Miejsce wydania (P)
    • Warszawa :
    • b
    • Nazwa wydawcy (P)
    • Państwowy Zakład Wydawnictw Lekarskich,
    • c
    • Data wydania (P)
    • 1968.
300 -Strefa opisu fizycznego [ , ]
    • a
    • Określenie formy książki i/lub objętość (NP)
    • 92, [1] s., [6] s. tabl. :
    • b
    • Oznaczenie ilustracji (NP)
    • il., err. ;
    • c
    • Format (NP)
    • 20 cm.
336 -Typ zawartości [ , ]
    • a
    • Termin opisujący typ zawartości
    • Tekst
    • b
    • Kod określający zawartość
    • txt
    • 2
    • Źródło (terminu i kodu)
    • rdacontent
337 -Typ mediów [ , ]
    • a
    • Tryb odtwarzania
    • Bez urządzenia pośredniczącego
    • b
    • Kod typu mediów
    • n
    • 2
    • Źródło (terminu i kodu)
    • rdamedia
338 -Typ/rodzaj nośnika [ , ]
    • a
    • Hasło opisujące typ nośnika
    • Wolumin
    • b
    • Kod typu nośnika
    • nc
    • 2
    • Źródło (terminu i kodu)
    • rdacarrier
490 -Strefa serii i książki wielotomowej - forma nie do wyszukiwania [1, ]
    • a
    • Tytuł (P)
    • Biblioteka Lekarza Praktyka. Seria 2 ; Find
    • v
    • Numeracja (P)
    • t. 25
830 -Hasło dodatkowe serii i opisu książki wielotomowej - tytuł ujednolicony/tytuł [ ,0]
    • a
    • Tytuł ujednolicony/tytuł (NP)
    • Biblioteka Lekarza Praktyka.
    • n
    • Oznaczenie części/podserii/sekcji (P)
    • Seria 2
    • v
    • Oznaczenie tomu (NP)
    • t. 25
    • 9
    • KHW
    • 47487
080 -Uniwersalna Klasyfikacja Dziesiętna [ , ]
    • 2
    • Identyfikator wydania tablic
    • UDC-P022
    • a
    • Symbol klasyfikacji
    • 616.9-053.2
    • b
    • Dopowiedzenie
    • Choroby zakaźne u dzieci.
    • x
    • Poddział wspólny
    • (07)
    • b
    • Dopowiedzenie
    • (Wydawnictwa dydaktyczne. Podręczniki).
650 -Hasło przedmiotowe [ ,7]
    • a
    • Hasło przedmiotowe
    • Choroby zakaźne u dzieci.
    • 2
    • Źródło terminu
    • kaba
    • 9
    • KHW
    • 104804
980 -Symbol UKD [ , ]
    • a
    • UKD
    • 616.9-053.2(07)
710 -Hasło dodatkowe - nazwa ciała zbiorowego [2, ]
    • a
    • Nazwa ciała zbiorowego lub nazwa geograficzna jako pierwszy element (NP)
    • Państwowy Zakład Wydawnictw Lekarskich.
    • 4
    • Kod relacji
    • pbl
    • 9
    • KHW
    • 54960
Lokalizacja Status udost. Data inwentaryzacji Numer inwentarzowy
BG12007-05-14Pd.18353